000 01091nam a2200301Ia 4500
003 OSt
005 20221005062300.0
006 a|||||r|||| 00| 0
007 ta
008 221004b |||||||| |||| 00| 0 eng d
020 _a9781472450203 (hbk)
_cUKP 110.00
024 _a38673
037 _b1456, 18/01/2018, Bright Book Service
_cTextual
040 _aCRL
_cCRL
_beng
041 _2eng
_aeng
082 _aO111973:g(P:795), Q7
100 _aHutchings Kevin Ed.
_9601631
245 0 _aTransatlantic literary ecologies
_b nature and culture in the nineteenth-century anglophone atlantic world
260 _aLondon
_bRoutledge UK
_c2017
300 _avi,208p.
_ccm.
490 _aAshgate series innineteenth-century transatlantic studies
650 _a LANGUAGE AND LANGUAGES
_98342
650 _a TRANSLATING AND INTERPRETING
650 _aAMERICAN LITERATURE
700 _a Miller John Ed.
_9601632
942 _hO111973:g(P:795), Q7
_cTEXL
_2cc
999 _c969445
_d969445